Sex Differences in the Brain:From Genes to Behavior : (Record no. 595145)

MARC details
000 -LEADER
fixed length control field 00533nam a2200193 a 4500
008 - FIXED-LENGTH DATA ELEMENTS--GENERAL INFORMATION
fixed length control field 251101s2007##################000#0#eng##
020 ## - INTERNATIONAL STANDARD BOOK NUMBER
ISBN 9780195311587
082 04 - DEWEY DECIMAL CLASSIFICATION NUMBER
Classification number 612.82
Item number BEC
100 1# - MAIN ENTRY--AUTHOR NAME
Personal name Becker, Jill B.,
245 10 - TITLE STATEMENT
Title Sex Differences in the Brain:From Genes to Behavior :
260 ## - PUBLICATION, DISTRIBUTION, ETC. (IMPRINT)
Name of publisher Oxford University Press, USA,
Year of publication 2007.
300 ## - PHYSICAL DESCRIPTION
Number of Pages 512 pages
650 #0 - SUBJECT ADDED ENTRY--TOPICAL TERM
Topical Term Medical.
942 ## - ADDED ENTRY ELEMENTS (KOHA)
Koha item type English Books
Holdings
Withdrawn status Lost status Damaged status Not for loan Home library Current library Shelving location Date acquired Full call number Accession Number Price effective from Koha item type
        Anna Centenary Library Anna Centenary Library 5TH FLOOR, B WING 01.11.2025 612.82 BEC 153999 01.11.2025 English Books

Find us on the map